00374nam a2200145Ia 4500008004100000082001500041100002000056245004000076250000800116260002800124300001200152500002400164650001500188700002500203230524s9999 xx 000 0 und d a174.4bGUR aBhag Singh Guru 0aElectric Machinery and Transformers a3RD aNEW DELHIbOxfordc2008 aXII;693 aQuantity Number: 5 aElectrical a Huseyin R.Hiziroglu